Insekten - Sudden Death - Statistiken

Allgemein
  • Dieses Quiz wurde 390 mal gespielt
  • Das Durchschnittsergebnis liegt bei 6 aus 16
Answers on the Grid
Answers color-coded by a green-red scale on the quiz's grid according to % correct below.
Bandwurm
Blattschneiderameise
Bonobo
Egel
Eintagsfliege
Floh
Flusskrebs
Glühwürmchen
Gottesanbeterin
Grille
Honigbiene
Hornisse
Hundertfüßer
Krill
Kugelassel
Moskito
Napfschnecke
Ohrwurm
Schlanker Ameisenspringer
Scholle
Schröter
Schwalbenschwanz
Schwärmer
Seeigel
Seepocke
Seestern
Skorpion
Stichling
Tamandua
Termite
Wanze
Wasserjungfer
 
Antwortstatistiken
Antwort % Korrekt
Grille
59%
Moskito
57%
Eintagsfliege
55%
Floh
53%
Hornisse
53%
Wanze
52%
Honigbiene
50%
Glühwürmchen
49%
Termite
48%
Gottesanbeterin
41%
Blattschneiderameise
33%
Ohrwurm
25%
Schwalbenschwanz
16%
Schwärmer
16%
Wasserjungfer
15%
Schröter
5%
Keine übereinstimmenden Quizze gefunden
Verteilung der Resultate
Anzahl Personen mit jedem Resultat
Perzentil nach korrekt beantworteten Fragen
Ihre Resultats-Entwicklung
Sie haben dieses Quiz noch nicht gespielt